| 000 | 00610cam a2200217ua 4500 | ||
|---|---|---|---|
| 020 |
_a81-224-0701-3 _c450.00 |
||
| 041 |
_aeng _h |
||
| 082 |
_a530.474 _bMEN/RE |
||
| 100 | _aMenon, S V G . | ||
| 245 |
_aRenormalization group theory of critical phenomena / _cS V G Menon. _hTextual Documents |
||
| 260 |
_aNew Delhi : _bNew Age International Ltd , _c1995. |
||
| 300 | _a224 ; . | ||
| 365 | _a450.00 | ||
| 440 | 0 |
_aIPA Monographs in Physics, _v _x; |
|
| 490 | 0 |
_aIPA Monographs in Physics, _v _x; |
|
| 500 | _a*CSS | ||
| 504 | _a | ||
| 942 | _cBK | ||
| 999 |
_c7149 _d7149 |
||